Amerykańscy sportowcy - nagła śmierć - Statystyki

Ogólne statystyki
  • Ten quiz został rozwiązany 119 razy
    78 od ostatniego zresetowania
  • Średni wynik to 12 z 22
Answers on the Grid
Answers color-coded by a green-red scale on the quiz's grid according to % correct below.
Michael Phelps
Usain Bolt
Serena Williams
David Beckham
Lewis Hamilton
Michael Jordan
Gareth Bale
Tiger Woods
Justin Gatlin
Mo Farah
Giannis Antetokounmpo
Mike Tyson
Mikaela Shiffrin
Roger Federer
Landon Donovan
Harry Kane
Andy Murray
Floyd Mayweather Jr.
Jamie Vardy
LeBron James
Lindsey Vonn
Antoine Griezmann
Shaquille O’Neal
Wayne Gretzky
Dirk Nowitzki
Carl Lewis
Aaron Ramsey
Muhammad Ali
Kobe Bryant
Sebastian Vettel
Tom Brady
Kevin De Bruyne
Peyton Manning
Katarina Johnson-Thompson
Daniel Ricciardo
Ryan Lochte
Steve Nash
Kikkan Randall
Venus Williams
Wayne Rooney
Katie Ledecky
Carlos Tevez
Simone Biles
Yohan Blake
 
Statystyki odpowiedzi
Odpowiedź % Poprawnych
Michael Phelps
97%
Serena Williams
97%
Michael Jordan
94%
Tiger Woods
82%
Mike Tyson
79%
Kobe Bryant
70%
LeBron James
67%
Shaquille O’Neal
64%
Floyd Mayweather Jr.
58%
Landon Donovan
58%
Venus Williams
55%
Tom Brady
52%
Carl Lewis
48%
Lindsey Vonn
48%
Muhammad Ali
48%
Justin Gatlin
45%
Mikaela Shiffrin
45%
Katie Ledecky
30%
Simone Biles
30%
Ryan Lochte
24%
Kikkan Randall
21%
Peyton Manning
15%
Nie znaleziono quizów pasujących do podanych kryteriów
Rozkład punktacji
Procent ludzi z każdym wynikiem
Percentyl według liczby udzielonych odpowiedzi
Twoja historia wyników
Nie rozwiązałeś tego quizu od ostatniego zresetowania